| 000 | 01333nam a22003497a 4500 | ||
|---|---|---|---|
| 001 | 1044 | ||
| 005 | 20230719101248.0 | ||
| 008 | 230719b cb ||||| |||| 00| 0 eng d | ||
| 020 | _a0688021034 | ||
| 020 | _a0688021042 (lib. bdg.) | ||
| 040 |
_aDLC _cDLC _dDLC _beng |
||
| 050 | 0 | 0 |
_aPZ7.C6595 _bMo 1983 |
| 082 | 0 | 0 |
_a813 _219 |
| 100 | 1 |
_aCohen, Barbara, _d1932-1992. |
|
| 245 | 1 | 0 |
_aMolly's pilgrim / _cby Barbara Cohen ; illustrated by Michael J. Deraney. |
| 250 | _aFirst Scholastic printing, November 1999. | ||
| 260 |
_aNew York : _bScholastic, _c1999. |
||
| 300 |
_a22 unnumbered pages : _billustrations ; _c20 cm. |
||
| 505 | _aM | ||
| 520 | _aTold to make a doll like a pilgrim for the Thanksgiving display at school, Molly's Jewish mother dresses the doll as she herself dressed before leaving Russia to seek religious freedom--much to Molly's embarrassment. | ||
| 521 |
_a590
_bLexile |
||
| 521 |
_aM
_bRaz-Plus |
||
| 650 | 0 |
_aJews _zUnited States _xJuvenile fiction. |
|
| 650 | 1 |
_aJews _zUnited States _xFiction. |
|
| 650 | 1 |
_aSchools _xFiction. |
|
| 650 | 1 |
_aThanksgiving Day _xFiction. |
|
| 650 | 1 |
_aImmigrants _xFiction. |
|
| 650 | 1 |
_aRussian Americans _xFiction. |
|
| 700 | 1 |
_aDeraney, Michael J., _eillustrator. |
|
| 906 |
_a7 _bcbc _corignew _d1 _eocip _f19 _gy-gencatlg |
||
| 942 |
_2ddc _cBK _n0 |
||
| 999 |
_c1044 _d1044 |
||